[Event "Canarias en Red prel 4th"]
[Site "Playchess.com INT"]
[Date "2004.05.06"]
[Round "7"]
[White "Bjelajac, Milan"]
[Black "Farias, Sergio A"]
[Result "1-0"]
[WhiteElo "2370"]
[BlackElo "2220"]
[PlyCount "121"]
[EventDate "2004.05.06"]
[EventType "swiss (blitz)"]
[EventRounds "13"]
[EventCountry "GER"]
[SourceTitle "EXT 2005"]
[Source "ChessBase"]
[SourceDate "2004.11.15"]
[SourceVersion "1"]
[SourceVersionDate "2004.11.15"]
[SourceQuality "1"]

1. e4 c5 2. c3 d5 3. exd5 Qxd5 4. d4 Nf6 5. Nf3 Bg4 6. Be2 Nc6 7. h3 Bh5 8. 0-0 cxd4 9. Nxd4 Bxe2 10. Nxe2 Qxd1 11. Rxd1 e6 12. Bg5 Be7 13. Nd2 0-0 14. Nf3 Rfd8 15. Ned4 Nxd4 16. Nxd4 Nd5 17. Bxe7 Nxe7 18. Nb3 b6 19. Kf1 Kf8 20. Ke2 Ke8 21. g3 Rxd1 22. Rxd1 Rd8 23. Nd4 a6 24. h4 e5 25. Nc2 Rxd1 26. Kxd1 Kd7 27. Kd2 Ke6 28. Kd3 f5 29. Ne3 b5 30. Nc2 e4+ 31. Kd4 Nc6+ 32. Kc5 Ne5 33. Kb6 Nc4+ 34. Kxa6 Nxb2 35. Kxb5 Nd3 36. a4 Nxf2 37. a5 Kd7 38. Kb6 Nd1 39. a6 Nxc3 40. a7 Nd5+ 41. Kb7 Nc7 42. Ne3 g6 43. Nd5 Na8 44. Kxa8 Kc8 45. Ne3 Kc7 46. Nc4 Kc8 47. Nb6+ Kc7 48. Nd5+ Kc8 49. Ne3 Kc7 50. h5 Kc8 51. h6 Kc7 52. g4 f4 53. Nd5+ Kc8 54. Nxf4 e3 55. g5 Kc7 56. Nd5+ Kc8 57. Nxe3 Kc7 58. Nc4 Kc8 59. Ne5 Kc7 60. Nxg6 Kc8 61. Nf8 1-0

[Event "Canarias en Red prel 2nd"]
[Site "Playchess.com INT"]
[Date "2004.05.04"]
[Round "11"]
[White "Bjelajac, Milan"]
[Black "Rupp, Markus"]
[Result "1-0"]
[WhiteElo "2370"]
[BlackElo "2243"]
[PlyCount "117"]
[EventDate "2004.05.04"]
[EventType "swiss (blitz)"]
[EventRounds "13"]
[EventCountry "GER"]
[SourceTitle "EXT 2005"]
[Source "ChessBase"]
[SourceDate "2004.11.15"]
[SourceVersion "1"]
[SourceVersionDate "2004.11.15"]
[SourceQuality "1"]

1. e4 e6 2. d4 d5 3. e5 c5 4. c3 Qb6 5. Nf3 Nc6 6. Be2 cxd4 7. cxd4 Nh6 8. Bxh6 gxh6 9. Qd2 Bd7 10. Nc3 Bg7 11. 0-0 0-0 12. Na4 Qb4 13. Qxb4 Nxb4 14. Nc5 Bc6 15. a3 Na6 16. Nxa6 bxa6 17. Bxa6 f6 18. Rac1 Ba4 19. exf6 Bxf6 20. Rfe1 Rae8 21. Rc7 Rf7 22. Rec1 Ree7 23. Rxe7 Rxe7 24. b4 e5 25. dxe5 Bxe5 26. Nxe5 Rxe5 27. Bd3 d4 28. Kf1 Re7 29. Rc4 Rd7 30. Ke2 Kg7 31. Rc5 Kf6 32. Kd2 Bb3 33. Bb5 Re7 34. Rc6+ Kg7 35. Rd6 Rc7 36. Bd3 a5 37. b5 a4 38. Rxd4 Rb7 39. Rb4 Rb6 40. Kc3 h5 41. Be4 Kf6 42. Kd4 h6 43. Kc5 Re6 44. b6 Re5+ 45. Kd6 Re6+ 46. Kc7 Re7+ 47. Kc6 Re6+ 48. Kb5 Re5+ 49. Ka6 Re6 50. Ka7 Re7+ 51. b7 Ke5 52. f3 Kd6 53. Kb6 Re8 54. Rd4+ Ke5 55. Rd7 Kf4 56. Rc7 Be6 57. Bc6 Rd8 58. Re7 Bf5 59. Re8 1-0

[Event "Canarias en Red prel 2nd"]
[Site "Playchess.com INT"]
[Date "2004.05.04"]
[Round "3"]
[White "Bjelajac, Milan"]
[Black "Schweda, Roland"]
[Result "1/2-1/2"]
[WhiteElo "2370"]
[BlackElo "2386"]
[PlyCount "45"]
[EventDate "2004.05.04"]
[EventType "swiss (blitz)"]
[EventRounds "13"]
[EventCountry "GER"]
[SourceTitle "EXT 2005"]
[Source "ChessBase"]
[SourceDate "2004.11.15"]
[SourceVersion "1"]
[SourceVersionDate "2004.11.15"]
[SourceQuality "1"]

1. e4 c5 2. c3 d5 3. exd5 Qxd5 4. d4 Nc6 5. Nf3 e6 6. Na3 Qd8 7. Nc2 Nf6 8. Bd3 Be7 9. 0-0 0-0 10. dxc5 Bxc5 11. Qe2 b6 12. Bg5 Bb7 13. Rad1 Qe7 14. Ne3 h6 15. Bh4 Nb8 16. Ng4 Nbd7 17. Nfe5 Nxe5 18. Nxe5 g5 19. Bg3 Nd5 20. Bb1 Kg7 21. h4 Rad8 22. c4 Nf6 23. a3 1/2-1/2

[Event "Canarias en Red prel 2nd"]
[Site "Playchess.com INT"]
[Date "2004.05.04"]
[Round "9"]
[White "Haugsdal, Arn Tore"]
[Black "Bjelajac, Milan"]
[Result "0-1"]
[WhiteElo "2124"]
[BlackElo "2370"]
[PlyCount "74"]
[EventDate "2004.05.04"]
[EventType "swiss (blitz)"]
[EventRounds "13"]
[EventCountry "GER"]
[SourceTitle "EXT 2005"]
[Source "ChessBase"]
[SourceDate "2004.11.15"]
[SourceVersion "1"]
[SourceVersionDate "2004.11.15"]
[SourceQuality "1"]

1. e4 e6 2. d4 d5 3. e5 c5 4. c3 Nc6 5. Nf3 Nge7 6. Bd3 Nf5 7. g4 Nh4 8. Nbd2 cxd4 9. cxd4 Be7 10. Nxh4 Bxh4 11. Nf3 Be7 12. g5 Bd7 13. h4 Qb6 14. Bb1 Bb4+ 15. Kf1 Na5 16. a3 Be7 17. b4 Nc4 18. Qd3 a5 19. bxa5 Nxa5 20. Kg2 Bb5 21. Qd1 Bc4 22. Bd3 Qc6 23. Bd2 Nb3 24. Rb1 Rxa3 25. Bc2 Nxd2 26. Qxd2 b5 27. h5 Kd7 28. h6 g6 29. Qf4 Rf8 30. Nd2 Ra2 31. Bb3 Ra3 32. Rhc1 Qa8 33. Bd1 Qc6 34. Ra1 b4 35. Rxa3 bxa3 36. Ra1 a2 37. Nxc4 dxc4+ 0-1

[Event "Canarias en Red prel 1st"]
[Site "Playchess.com INT"]
[Date "2004.05.03"]
[Round "6"]
[White "Bjelajac, Milan"]
[Black "Perez, Jose"]
[Result "0-1"]
[WhiteElo "2370"]
[BlackElo "2203"]
[PlyCount "114"]
[EventDate "2004.05.03"]
[EventType "swiss (blitz)"]
[EventRounds "13"]
[EventCountry "GER"]
[SourceTitle "EXT 2005"]
[Source "ChessBase"]
[SourceDate "2004.11.15"]
[SourceVersion "1"]
[SourceVersionDate "2004.11.15"]
[SourceQuality "1"]

1. e4 c5 2. c3 d5 3. exd5 Qxd5 4. d4 Nf6 5. Nf3 Bg4 6. Be2 e6 7. h3 Bh5 8. 0-0 Be7 9. Na3 0-0 10. Nb5 Qd7 11. Ne5 Bxe2 12. Qxe2 Qd8 13. dxc5 Bxc5 14. Rd1 Qb6 15. b4 Bxf2+ 16. Kf1 Bg3 17. Be3 Qa6 18. Nc7 Qxe2+ 19. Kxe2 Bxe5 20. Nxa8 Nc6 21. b5 Na5 22. Bxa7 Rxa8 23. Bd4 Bxd4 24. Rxd4 g6 25. Rad1 Nd5 26. c4 Nc3+ 27. Ke1 Nxd1 28. Kxd1 Rc8 29. Kd2 Rxc4 30. Rd8+ Kg7 31. Ra8 Ra4 32. Kc3 Rxa2 33. b6 h5 34. Ra7 g5 35. Ra8 g4 36. h4 g3 37. Kd3 f5 38. Re8 Kf6 39. Rf8+ Ke5 40. Ra8 f4 41. Rh8 Rxg2 42. Rxh5+ Kd6 43. Rxa5 Rh2 44. h5 e5 45. Ke4 Rxh5 46. Ra1 Kc6 47. Rc1+ Kxb6 48. Rb1+ Kc7 49. Rc1+ Kb8 50. Kf3 Rg5 51. Re1 g2 52. Rg1 b5 53. Ke4 b4 54. Kf3 b3 55. Kf2 Kb7 56. Kf3 Kb6 57. Ke4 Kb5 0-1

[Event "EU-ch Internet fin"]
[Site "Playchess.com INT"]
[Date "2003.11.09"]
[Round "1.2"]
[White "Bjelajac, Milan"]
[Black "Panzalovic, Srdjan"]
[Result "0-1"]
[WhiteElo "2370"]
[BlackElo "2440"]
[PlyCount "154"]
[EventDate "2003.11.09"]
[EventType "k.o. (blitz)"]
[EventRounds "5"]
[EventCountry "GER"]
[SourceTitle "EXT 2004"]
[Source "ChessBase"]
[SourceDate "2003.11.25"]
[SourceVersion "1"]
[SourceVersionDate "2003.11.25"]
[SourceQuality "1"]

1. e4 c5 2. c3 Nf6 3. e5 Nd5 4. d4 cxd4 5. Nf3 e6 6. cxd4 b6 7. Nc3 Nxc3 8. bxc3 Qc7 9. Bd2 d6 10. Bd3 Nd7 11. exd6 Bxd6 12. 0-0 0-0 13. Qe2 Bb7 14. h3 Bf4 15. Bxf4 Qxf4 16. Qe3 Qxe3 17. fxe3 Rac8 18. Rac1 e5 19. Nxe5 Nxe5 20. dxe5 Rfe8 21. Rf5 g6 22. Rf4 Rxe5 23. Bc4 Rc7 24. Rcf1 Bd5 25. Bxd5 Rxd5 26. c4 Rdc5 27. Rd1 Rxc4 28. Rd8+ Kg7 29. Rxc4 Rxc4 30. Rd7 Ra4 31. Rd2 h5 32. Kf2 Kf6 33. Kf3 h4 34. Rc2 Kg5 35. Rd2 f5 36. Rc2 Ra3 37. Kf2 b5 38. Rd2 b4 39. Rc2 a5 40. Rd2 a4 41. Rc2 b3 42. axb3 axb3 43. Rc6 Ra2+ 44. Kf3 Rc2 45. Rb6 b2 46. g3 hxg3 47. Kxg3 Kh5 48. Rb8 g5 49. Rb5 Kg6 50. Rb6+ Kf7 51. h4 g4 52. h5 Kg7 53. h6+ Kh7 54. Kf4 Rd2 55. Kg5 g3 56. Rb7+ Kh8 57. Rb8+ Kh7 58. Rb7+ Kg8 59. Rb8+ Kf7 60. Rb7+ Ke6 61. h7 g2 62. Rb6+ Rd6 63. Rxd6+ Kxd6 64. h8Q g1Q+ 65. Kf6 b1Q 66. Qd8+ Kc5 67. Qe7+ Kc4 68. Qe6+ Kc3 69. Qe5+ Kd2 70. Qd5+ Qd3 71. Qa2+ Kxe3 72. Qe6+ Kf3 73. Qc6+ Qe4 74. Qc3+ Qge3 75. Qc7 Qh6+ 76. Kf7 Qh7+ 77. Kf8 Qxc7 0-1

[Event "EU-ch Internet fin"]
[Site "Playchess.com INT"]
[Date "2003.11.09"]
[Round "1.1"]
[White "Panzalovic, Srdjan"]
[Black "Bjelajac, Milan"]
[Result "1/2-1/2"]
[WhiteElo "2440"]
[BlackElo "2370"]
[PlyCount "80"]
[EventDate "2003.11.09"]
[EventType "k.o. (blitz)"]
[EventRounds "5"]
[EventCountry "GER"]
[SourceTitle "EXT 2004"]
[Source "ChessBase"]
[SourceDate "2003.11.25"]
[SourceVersion "1"]
[SourceVersionDate "2003.11.25"]
[SourceQuality "1"]

1. Nf3 f5 2. c4 Nf6 3. d4 g6 4. g3 Bg7 5. Bg2 0-0 6. 0-0 d6 7. Nc3 Nc6 8. d5 Na5 9. Nd2 c5 10. Rb1 e5 11. dxe6 Bxe6 12. Nd5 Bxd5 13. cxd5 b6 14. b3 Re8 15. e3 Ng4 16. a3 Ne5 17. b4 Nb7 18. Bb2 Qd7 19. Qb3 Rac8 20. Rfc1 g5 21. Bf1 Rf8 22. Nc4 Nxc4 23. Qxc4 Bxb2 24. Rxb2 cxb4 25. Qc6 Rxc6 26. dxc6 Qg7 27. cxb7 Qxb2 28. Rc8 bxa3 29. b8Q Rxc8 30. Qxc8+ Kg7 31. Qd7+ Kg6 32. Qxd6+ Kg7 33. Qc7+ Kg6 34. Qc6+ Kg7 35. Qc7+ Kg6 36. Bc4 Qb1+ 37. Kg2 Qe4+ 38. Kg1 Qb1+ 39. Kg2 Qe4+ 40. Kg1 Qb1+ 1/2-1/2

[Event "EU-ch Internet qual playoff"]
[Site "Playchess.com INT"]
[Date "2003.11.08"]
[Round "1.2"]
[White "Bjelajac, Milan"]
[Black "Panzalovic, Srdjan"]
[Result "0-1"]
[WhiteElo "2370"]
[BlackElo "2440"]
[PlyCount "78"]
[EventDate "2003.11.08"]
[EventType "k.o. (blitz)"]
[EventRounds "2"]
[EventCountry "GER"]
[SourceTitle "EXT 2004"]
[Source "ChessBase"]
[SourceDate "2003.11.25"]
[SourceVersion "1"]
[SourceVersionDate "2003.11.25"]
[SourceQuality "1"]

1. e4 e6 2. d4 d5 3. e5 c5 4. c3 Nc6 5. Nf3 Qb6 6. Bd3 cxd4 7. cxd4 Bd7 8. 0-0 Nxd4 9. Nxd4 Qxd4 10. Nc3 a6 11. Kh1 Qxe5 12. f4 Qd6 13. f5 e5 14. a4 Nf6 15. Bg5 Be7 16. a5 Rc8 17. Na4 e4 18. Be2 Bxa4 19. Qxa4+ Qd7 20. Qd4 h6 21. Bh4 0-0 22. b4 Rc2 23. Rae1 Rfc8 24. g4 Qd6 25. g5 hxg5 26. Bxg5 Qxb4 27. Bxf6 gxf6 28. Qxd5 Rd2 29. Rg1+ Kf8 30. Bd3 Rxd3 31. Qa2 e3 32. Qg2 Ke8 33. Qg8+ Bf8 34. Qg2 Qd4 35. h3 Rd2 36. Qf3 Qe5 37. Rg3 Rc3 38. Qxb7 Qxg3 39. Qe4+ Qe5 0-1

[Event "EU-ch Internet qual"]
[Site "Playchess.com INT"]
[Date "2003.11.08"]
[Round "10"]
[White "Bjelajac, Milan"]
[Black "Svetushkin, Dmitry"]
[Result "1-0"]
[WhiteElo "2370"]
[BlackElo "2571"]
[PlyCount "85"]
[EventDate "2003.11.08"]
[EventType "swiss (blitz)"]
[EventRounds "15"]
[EventCountry "GER"]
[SourceTitle "EXT 2004"]
[Source "ChessBase"]
[SourceDate "2003.11.25"]
[SourceVersion "1"]
[SourceVersionDate "2003.11.25"]
[SourceQuality "1"]

1. e4 c6 2. d4 d5 3. e5 c5 4. c3 Nc6 5. f4 h5 6. dxc5 a5 7. Be3 g6 8. Na3 Nh6 9. Nf3 Bg4 10. Be2 Nf5 11. Bf2 h4 12. Nd4 Bxe2 13. Kxe2 Ncxd4+ 14. cxd4 Qd7 15. Qd3 e6 16. g4 Ne7 17. Nb5 Nc6 18. a4 Be7 19. Be3 0-0-0 20. h3 f6 21. Nd6+ Bxd6 22. cxd6 g5 23. Rhc1 Kb8 24. Rc5 gxf4 25. Bxf4 f5 26. g5 Qf7 27. Rd1 Rc8 28. Rcc1 Qd7 29. Rc3 Rhg8 30. Qf3 Nb4 31. Rdc1 Qxa4 32. Rxc8+ Rxc8 33. Rxc8+ Kxc8 34. Qc3+ Kb8 35. g6 Qb5+ 36. Kf2 Nd3+ 37. Ke3 Nxf4 38. Kxf4 Qf1+ 39. Kg5 Qxh3 40. Qc7+ Ka7 41. Qxa5+ Kb8 42. d7 Qg4+ 43. Kf6 1-0

[Event "EU-ch Internet qual"]
[Site "Playchess.com INT"]
[Date "2003.11.08"]
[Round "3"]
[White "Panzalovic, Srdjan"]
[Black "Bjelajac, Milan"]
[Result "0-1"]
[WhiteElo "2440"]
[BlackElo "2370"]
[PlyCount "98"]
[EventDate "2003.11.08"]
[EventType "swiss (blitz)"]
[EventRounds "15"]
[EventCountry "GER"]
[SourceTitle "EXT 2004"]
[Source "ChessBase"]
[SourceDate "2003.11.25"]
[SourceVersion "1"]
[SourceVersionDate "2003.11.25"]
[SourceQuality "1"]

1. Nf3 f5 2. d4 Nf6 3. c4 g6 4. g3 Bg7 5. Bg2 0-0 6. 0-0 d6 7. Nc3 Nc6 8. d5 Na5 9. Nd2 c5 10. Qc2 e5 11. dxe6 Bxe6 12. b3 d5 13. cxd5 Nxd5 14. Bb2 Nb4 15. Qc1 Bh6 16. Rd1 Qe8 17. Na4 Qe7 18. Qc3 Bg7 19. Qxg7+ Qxg7 20. Bxg7 Kxg7 21. Nxc5 Bc8 22. a3 Nc2 23. Ra2 Nd4 24. e3 Ne6 25. Rc2 Rd8 26. Bf3 Rb8 27. b4 Nxc5 28. Rxc5 Nc6 29. Nc4 Rxd1+ 30. Bxd1 Be6 31. Bf3 Rd8 32. Bxc6 bxc6 33. Ne5 Rd1+ 34. Kg2 Bd5+ 35. f3 Kf6 36. Nxc6 Rd2+ 37. Kg1 Bxf3 38. Nd4 Rg2+ 39. Kf1 Be4 40. Ra5 Rxh2 41. Rxa7 h5 42. b5 g5 43. Ra6+ Kf7 44. b6 Rb2 45. a4 h4 46. gxh4 gxh4 47. a5 h3 48. Ra7+ Kg6 49. b7 h2 0-1

[Event "EU-ch Internet qual"]
[Site "Playchess.com INT"]
[Date "2003.11.08"]
[Round "5"]
[White "Popov, Roman"]
[Black "Bjelajac, Milan"]
[Result "1-0"]
[WhiteElo "2388"]
[BlackElo "2370"]
[PlyCount "49"]
[EventDate "2003.11.08"]
[EventType "swiss (blitz)"]
[EventRounds "15"]
[EventCountry "GER"]
[SourceTitle "EXT 2004"]
[Source "ChessBase"]
[SourceDate "2003.11.25"]
[SourceVersion "1"]
[SourceVersionDate "2003.11.25"]
[SourceQuality "1"]

1. e4 e6 2. d3 d5 3. Nd2 b6 4. Ngf3 Bb7 5. c3 Nf6 6. Qc2 Be7 7. Be2 dxe4 8. dxe4 0-0 9. 0-0 Ba6 10. Bxa6 Nxa6 11. e5 Nd7 12. Ne4 Nac5 13. Neg5 g6 14. b4 Na6 15. Rd1 Qe8 16. Ne4 f5 17. exf6 Nxf6 18. Bh6 Nxe4 19. Qxe4 Rf6 20. Bg5 Rxf3 21. Bxe7 Rf7 22. Bg5 c5 23. Rd6 Nc7 24. Rad1 Nd5 25. Rxe6 1-0

[Event "WICC qual Moscow 25'+10"]
[Site "FIDE.com"]
[Date "2002.04.20"]
[Round "8"]
[White "Novik, Maxim"]
[Black "Bjelajac, Milan"]
[Result "1-0"]
[WhiteElo "2466"]
[BlackElo "2370"]
[PlyCount "57"]
[EventDate "2002.04.12"]
[EventType "swiss"]
[EventRounds "9"]
[EventCountry "NET"]
[SourceTitle "EXT 2003"]
[Source "ChessBase"]
[SourceDate "2002.11.25"]
[SourceVersion "1"]
[SourceVersionDate "2002.11.25"]
[SourceQuality "1"]

1. Nf3 f5 2. c4 Nf6 3. g3 g6 4. Bg2 Bg7 5. 0-0 0-0 6. Nc3 Nc6 7. d4 d6 8. d5 Na5 9. Qa4 c5 10. dxc6 bxc6 11. c5 dxc5 12. Ne5 Qb6 13. Be3 Rb8 14. Nd3 Nd7 15. Rac1 Bd4 16. Bxd4 cxd4 17. b4 Nb7 18. Qb3+ Kh8 19. Na4 Qd8 20. f4 e5 21. fxe5 Qe7 22. Qb2 c5 23. bxc5 Nd8 24. Qxd4 Ba6 25. c6 Bxd3 26. exd3 Nxe5 27. c7 Rb4 28. Qa1 Ndf7 29. c8Q 1-0

[Event "WICC qual Moscow 25'+10"]
[Site "FIDE.com"]
[Date "2002.04.19"]
[Round "7"]
[White "Bjelajac, Milan"]
[Black "Jonkman, Harmen"]
[Result "1/2-1/2"]
[WhiteElo "2370"]
[BlackElo "2498"]
[PlyCount "88"]
[EventDate "2002.04.12"]
[EventType "swiss"]
[EventRounds "9"]
[EventCountry "NET"]
[SourceTitle "EXT 2003"]
[Source "ChessBase"]
[SourceDate "2002.11.25"]
[SourceVersion "1"]
[SourceVersionDate "2002.11.25"]
[SourceQuality "1"]

1. e4 e5 2. Nf3 Nc6 3. d4 exd4 4. Nxd4 Bb4+ 5. c3 Bc5 6. Nxc6 bxc6 7. Bd3 Ne7 8. 0-0 0-0 9. Kh1 d5 10. Nd2 f5 11. e5 a5 12. Nb3 Bb6 13. f4 a4 14. Nd4 c5 15. Nf3 h6 16. Be3 Be6 17. Bf2 Qd7 18. Qd2 Qc6 19. b4 axb3 20. axb3 Rxa1 21. Rxa1 Ra8 22. Rxa8+ Qxa8 23. Qb2 Qa7 24. c4 d4 25. h3 g6 26. Bf1 Nc6 27. Be1 Ba5 28. Bxa5 Qxa5 29. Kh2 Nb4 30. Ne1 Qa8 31. Nd3 Qe4 32. Qd2 Nxd3 33. Bxd3 Qb7 34. Qa2 Kf7 35. Qa5 Qb6 36. Qa3 Bc8 37. Qa8 Qb7 38. Qa4 Qb6 39. Qa8 Qb7 40. Qa5 Qb6 41. Qa8 Qb7 42. Qa5 Qb6 43. Qa8 Qb7 44. Qa5 Qb6 1/2-1/2

[Event "WICC qual Moscow 25'+10"]
[Site "FIDE.com"]
[Date "2002.04.15"]
[Round "4"]
[White "Bjelajac, Milan"]
[Black "Vlassov, Nikolai"]
[Result "0-1"]
[WhiteElo "2370"]
[BlackElo "2454"]
[PlyCount "58"]
[EventDate "2002.04.12"]
[EventType "swiss"]
[EventRounds "9"]
[EventCountry "NET"]
[SourceTitle "EXT 2003"]
[Source "ChessBase"]
[SourceDate "2002.11.25"]
[SourceVersion "1"]
[SourceVersionDate "2002.11.25"]
[SourceQuality "1"]

1. e4 c5 2. Nf3 Nc6 3. c3 Nf6 4. e5 Nd5 5. d4 cxd4 6. cxd4 d6 7. Nc3 dxe5 8. dxe5 Nxc3 9. Qxd8+ Kxd8 10. bxc3 h6 11. Bb5 Bd7 12. Be3 Kc7 13. a4 g5 14. h3 Bg7 15. Bd4 Be6 16. Ke2 Rhd8 17. Rhd1 Rd5 18. Rac1 Rad8 19. g4 Kb8 20. Kf1 Rc8 21. Rb1 Nxd4 22. cxd4 Rdd8 23. Rdc1 Ba2 24. Rxc8+ Rxc8 25. Rb2 Bd5 26. Ne1 e6 27. Nd3 Bf8 28. Ke2 Ba3 29. Rd2 a6 0-1

[Event "WICC qual Dubai 25'+10"]
[Site "FIDE.com"]
[Date "2002.03.09"]
[Round "8"]
[White "Bjelajac, Milan"]
[Black "Pitigala, Chandra Sudarman S"]
[Result "1-0"]
[WhiteElo "2370"]
[BlackElo "2083"]
[PlyCount "113"]
[EventDate "2002.03.01"]
[EventType "swiss"]
[EventRounds "9"]
[EventCountry "UAE"]
[SourceTitle "EXT 2003"]
[Source "ChessBase"]
[SourceDate "2002.11.25"]
[SourceVersion "1"]
[SourceVersionDate "2002.11.25"]
[SourceQuality "1"]

1. e4 Nf6 2. e5 Nd5 3. d4 d6 4. Nf3 Bg4 5. Be2 e6 6. h3 Bh5 7. 0-0 Be7 8. c4 Nb6 9. exd6 cxd6 10. a4 Nc6 11. a5 Nd7 12. d5 exd5 13. Qxd5 Bg6 14. a6 Nb4 15. Qb5 Nxa6 16. Qxb7 Nac5 17. Qd5 0-0 18. Nc3 Nb3 19. Ra2 Nb6 20. Qd1 Nxc1 21. Qxc1 Qc7 22. Qf4 Qc5 23. Rfa1 a5 24. Qd4 Qb4 25. Nb5 Rab8 26. Rxa5 Bf6 27. Qxd6 Qxb2 28. R5a2 Qxa1+ 29. Rxa1 Bxa1 30. c5 Rfd8 31. Qf4 Nd5 32. Qc4 Rbc8 33. c6 Nc7 34. Nxc7 Rxc7 35. Nh4 Bb1 36. Qb5 Bf6 37. Qb6 Rdc8 38. Qxb1 Bxh4 39. Bf3 h6 40. g3 Bf6 41. Qb5 Kf8 42. Be4 g6 43. Bd5 Bg7 44. Kg2 Ke7 45. Qc5+ Ke8 46. Qd6 Re7 47. f4 h5 48. Bc4 Rcc7 49. Qb4 Rc8 50. Ba6 Rd8 51. Qa5 Rb8 52. Bb7 Re2+ 53. Kf3 Rb2 54. Qd5 Rd8 55. c7 Rxd5 56. c8Q+ Rd8 57. Bc6+ 1-0

[Event "YUG-chT"]
[Site "Niksic"]
[Date "1997.??.??"]
[Round "9"]
[White "Abramovic, Bosko"]
[Black "Bjelajac, Milan"]
[Result "1/2-1/2"]
[WhiteElo "2500"]
[BlackElo "2370"]
[PlyCount "154"]
[EventDate "1997.08.27"]
[EventType "team"]
[EventRounds "11"]
[EventCountry "YUG"]
[SourceTitle "CBM 059 Extra"]
[Source "ChessBase"]
[SourceDate "1997.09.26"]
[SourceVersion "1"]
[SourceVersionDate "1997.09.26"]
[SourceQuality "1"]

1. d4 f5 2. g3 Nf6 3. Bg2 g6 4. Nf3 Bg7 5. b3 0-0 6. Bb2 d6 7. c4 Ne4 8. Qc2 Nc6 9. d5 Nb4 10. Qc1 e5 11. dxe6 Bxb2 12. Qxb2 Bxe6 13. 0-0 a5 14. Nfd2 Nc5 15. a3 Nc6 16. Nc3 Qf6 17. Rab1 Kg7 18. e3 Rae8 19. Qc2 Bc8 20. Nd5 Qf7 21. f4 Kh8 22. Rfe1 Qg7 23. b4 Ne6 24. Nb3 axb4 25. axb4 Nb8 26. Qd2 Nd7 27. e4 fxe4 28. Rxe4 c6 29. Nc3 Nf6 30. Re2 Qc7 31. Ne4 Nxe4 32. Rxe4 Ng7 33. Rbe1 Rxe4 34. Rxe4 Bf5 35. Re1 Re8 36. Rxe8+ Nxe8 37. Qd4+ Kg8 38. h3 Qe7 39. c5 dxc5 40. Nxc5 Nd6 41. g4 Bc8 42. Bf1 h5 43. Qe5 Qxe5 44. fxe5 Nf7 45. e6 Ne5 46. gxh5 gxh5 47. Kf2 Kg7 48. Kg3 b6 49. Na4 b5 50. Nc5 Kf6 51. Be2 Bxe6 52. Bxh5 Bd5 53. h4 Kf5 54. Bd1 Nf7 55. Bc2+ Ke5 56. Kg4 Kd4 57. Bh7 Ne5+ 58. Kf4 Bf7 59. Be4 Bd5 60. h5 Bxe4 61. Nxe4 Nf7 62. Nc5 Kc4 63. Na6 c5 64. bxc5 b4 65. Nxb4 Kxc5 66. Nd3+ Kd6 67. Kf5 Ke7 68. Nc5 Kf8 69. Kf6 Kg8 70. Nd7 Nh8 71. Ne5 Kh7 72. Ng4 Kg8 73. Nh6+ Kf8 74. Ng4 Kg8 75. Ne5 Kh7 76. Kg5 Kg8 77. Kf5 Kg7 1/2-1/2